Les plus grandes villes en Russie • A à Z - Statistiques

Statistiques générales
  • Ce quiz a été pris 158 fois
  • Le résultat moyen est 7 sur 18
Statistiques - réponses
# Population Ville russe % Correct
M 12,380,664 Moscou
100%
S 5,281,579 Saint-Pétersbourg
97%
I 1,455,514 Iekaterinbourg
68%
K 1,231,878 Kazan
65%
V 1,017,985 Volgograd
63%
O 1,178,391 Omsk
53%
R 1,125,299 Rostov-sur-le-Don
53%
N 1,602,915 Novossibirsk
50%
P 1,048,005 Perm
43%
T 1,198,858 Tcheliabinsk
35%
G 291,687 Grozny
24%
A 532,504 Astrakhan
22%
B 633,301 Barnaoul
13%
E 225,752 Engels
3%
D 235,797 Dzerjinsk
2%
Z 167,978 Zlatoust
1%
C 237,407 Chakhty
0%
L 510,439 Lioubertsy
0%
Aucun quiz correspondant
Distribution des résultats
% des personnes avec chaque résultat
Percentile par nombre de réponses
Votre historique - résultats
Vous n’avez pas pris ce quiz